[Event "Championnat de France - Open D"]
[Site "Aix-les-Bains"]
[Date "2007.08.15"]
[Round "1.1"]
[White "Cornaton, Julien"]
[Black "Tchordjallian, Adrian"]
[Result "1-0"]
[WhiteElo "1500"]
[BlackElo "1390"]
[PlyCount "93"]
[EventDate "2007.??.??"]

1. e4 e5 2. Nf3 Nf6 3. Nc3 Bb4 4. a3 Bxc3 5. dxc3 d6 6. Bd3 Bg4 7. h3 Be6 8.
O-O O-O 9. Re1 Nbd7 10. Ng5 Nc5 11. Nxe6 Nxe6 12. Qf3 Re8 13. Qg3 Nh5 14. Qg4
Nef4 15. Bxf4 Nxf4 16. Bc4 Qf6 17. Re3 Qg6 18. Qxg6 Nxg6 19. Rd1 Rad8 20. g3
Nf8 21. Red3 Ne6 22. Bxe6 Rxe6 23. c4 b6 24. a4 g6 25. Ra1 Rf8 26. a5 f5 27.
exf5 Rxf5 28. axb6 axb6 29. Ra8+ Kg7 30. Ra7 Re7 31. Rxd6 cxd6 32. Rxe7+ Rf7
33. Rxf7+ Kxf7 34. Kg2 e4 35. g4 Ke6 36. Kg3 Ke5 37. c3 g5 38. b3 d5 39. cxd5
Kxd5 40. h4 h6 41. hxg5 hxg5 42. f3 e3 43. Kg2 b5 44. Kf1 b4 45. cxb4 Kd4 46.
Ke2 Kc3 47. b5 1-0

[Event "Championnat de France - Open D"]
[Site "Aix-les-Bains"]
[Date "2007.08.15"]
[Round "1.2"]
[White "Lapperriere, Romuald"]
[Black "Baur, Daniel"]
[Result "1-0"]
[WhiteElo "1380"]
[BlackElo "1499"]
[PlyCount "57"]
[EventDate "2007.??.??"]

1. c4 d5 2. d4 Nf6 3. Nc3 e6 4. cxd5 Nxd5 5. Qc2 Bb4 6. Bd2 Nc6 7. Nf3 O-O 8.
a3 Bxc3 9. Bxc3 b6 10. e3 a5 11. Bb5 Bb7 12. O-O Nxc3 13. Qxc3 a4 14. Bxc6 Bxc6
15. Qxc6 Ra5 16. Rac1 Ra7 17. Rc4 b5 18. Qxb5 Qe7 19. Qc5 Qf6 20. Qxa7 c5 21.
Rxc5 h6 22. Rfc1 Rd8 23. Rc8 Kh7 24. Rxd8 Qxd8 25. Qxf7 Qf6 26. Ne5 h5 27.
Qxh5+ Kg8 28. Rc8+ Qf8 29. Rxf8+ 1-0

[Event "Championnat de France - Open D"]
[Site "Aix-les-Bains"]
[Date "2007.08.15"]
[Round "1.3"]
[White "Carpentier, Jacqueline"]
[Black "Masson, Guillaume"]
[Result "0-1"]
[WhiteElo "1499"]
[BlackElo "1380"]
[PlyCount "70"]
[EventDate "2007.??.??"]

1. e4 e5 2. Nc3 Nf6 3. Bc4 Nc6 4. Nf3 Bc5 5. a3 d6 6. d3 Bg4 7. O-O Nd4 8. Bb3
Nxf3+ 9. gxf3 Bh3 10. Re1 Nh5 11. Kh1 Bxf2 12. Re2 Qh4 13. Be3 Bxe3 14. Rxe3
Nf4 15. Qe1 Qxe1+ 16. Rexe1 Bg2+ 17. Kg1 Bxf3 18. Kf2 Bh5 19. Nb5 Kd7 20. d4 f6
21. Rg1 Nh3+ 22. Ke1 Nxg1 23. Kf2 Nh3+ 24. Ke3 a6 25. Nc3 exd4+ 26. Kxd4 c5+
27. Kd3 Rhe8 28. Ba4+ b5 29. Bb3 c4+ 30. Kd2 cxb3 31. cxb3 Ng5 32. Kd3 Bg6 33.
Nd5 Bxe4+ 34. Kd2 Bxd5 35. Rd1 Bxb3 0-1

[Event "Championnat de France - Open D"]
[Site "Aix-les-Bains"]
[Date "2007.08.15"]
[Round "1.4"]
[White "Saucey, Milena"]
[Black "Chaillous, Mathieu"]
[Result "1-0"]
[WhiteElo "1380"]
[BlackElo "1499"]
[PlyCount "79"]
[EventDate "2007.??.??"]

1. e4 e5 2. Nf3 Nc6 3. Bc4 d6 4. h3 Be6 5. Bb5 Qd7 6. d4 O-O-O 7. d5 a6 8. dxc6
bxc6 9. Bxa6+ Kb8 10. c4 Ka7 11. Qa4 d5 12. Bc8+ Kb8 13. Bxd7 Bxd7 14. cxd5
cxd5 15. Qb3+ Kc8 16. Nxe5 Re8 17. Nxf7 Rxe4+ 18. Kf1 Nf6 19. Nxh8 Be6 20. Qd1
Bc5 21. Nd2 Rd4 22. Qe1 Ne4 23. Nb3 Rc4 24. f3 Nd6 25. Qxe6+ Kb8 26. Qg8+ Ka7
27. Nxc5 Rxc5 28. Qxg7 Nf5 29. Qg5 Nd4 30. Be3 Ne6 31. Qe7 d4 32. Bxd4 Nxd4 33.
Qxc5+ Kb8 34. Qxd4 h5 35. Rc1 h4 36. Qd8+ Kb7 37. Qxc7+ Ka6 38. Rc6+ Kb5 39.
Rb6+ Ka5 40. Qa7# 1-0

[Event "Championnat de France - Open D"]
[Site "Aix-les-Bains"]
[Date "2007.08.15"]
[Round "1.5"]
[White "Leglise, Michel"]
[Black "Tchordjallian, Alexandre"]
[Result "0-1"]
[WhiteElo "1499"]
[BlackElo "1380"]
[PlyCount "76"]
[EventDate "2007.??.??"]

1. e4 e6 2. d4 d5 3. e5 c5 4. c4 cxd4 5. Qxd4 Nc6 6. Qc3 Bb4 7. Bd2 Bxc3 8.
Bxc3 d4 9. Bd2 Nxe5 10. Bf4 Nc6 11. Nd2 e5 12. Bg3 Bf5 13. a3 a5 14. c5 Nge7
15. Bb5 O-O 16. Ngf3 Qd5 17. Rc1 Ng6 18. Bc4 Qd8 19. h4 h6 20. h5 Nf4 21. Nxe5
Nxe5 22. Bxf4 Nd3+ 23. Bxd3 Bxd3 24. f3 Re8+ 25. Kf2 Re2+ 26. Kg3 Rxd2 27. Bxd2
Qc7+ 28. Bf4 Qc6 29. Bd6 Re8 30. Rhe1 Re2 31. Red1 Qe8 32. Rh1 Qe3 33. Bf4 Qf2+
34. Kg4 f5+ 35. Kh3 Qxg2+ 36. Kh4 Qxf3 37. Rcg1 Qxf4+ 38. Kh3 Re3+ 0-1

[Event "Championnat de France - Open D"]
[Site "Aix-les-Bains"]
[Date "2007.08.15"]
[Round "1.6"]
[White "Ulloa, Philippe"]
[Black "Marceau, Amaury"]
[Result "0-1"]
[WhiteElo "1380"]
[BlackElo "1499"]
[PlyCount "105"]
[EventDate "2007.??.??"]

1. d4 Nf6 2. c4 g6 3. e3 Bg7 4. Nf3 d6 5. Bd3 O-O 6. O-O Nbd7 7. Nc3 e5 8. dxe5
dxe5 9. e4 c6 10. Bg5 h6 11. Bxf6 Qxf6 12. Qc2 Nc5 13. Be2 a5 14. Na4 Ne6 15.
Nb6 Ra7 16. Rfd1 g5 17. g3 g4 18. Nh4 Nd4 19. Qd2 Be6 20. Rac1 Rd8 21. Qe3 h5
22. Rxd4 Rxd4 23. Rd1 Bh6 24. Qa3 Rxd1+ 25. Bxd1 Qd8 26. Qb3 Ra6 27. Na4 b5 28.
Nc5 Bxc4 29. Qc2 Ra7 30. b3 Be6 31. Be2 Qe7 32. Nd3 Qd6 33. Ng2 Rd7 34. Nge1
Bf8 35. Qb2 f6 36. Nc2 c5 37. Na3 b4 38. Nc2 c4 39. Nde1 c3 40. Qc1 Qd2 41.
Qxd2 cxd2 42. Nd3 Rxd3 43. Ne3 Rd8 44. Nd1 f5 45. f3 fxe4 46. fxe4 Rd4 47. Nf2
Bh6 48. Kf1 Be3 49. Bd1 Bxf2 50. Kxf2 Rxe4 51. Bc2 Rd4 52. Ke2 Kf7 53. Bd3 0-1

[Event "Championnat de France - Open D"]
[Site "Aix-les-Bains"]
[Date "2007.08.15"]
[Round "1.7"]
[White "Marcel, Jean-Francois"]
[Black "Lallement, Jose"]
[Result "0-1"]
[WhiteElo "1499"]
[BlackElo "1370"]
[PlyCount "64"]
[EventDate "2007.??.??"]

1. d4 d5 2. c4 Nf6 3. Nf3 e6 4. Nc3 c5 5. e3 Nc6 6. cxd5 exd5 7. Bd3 Be7 8. Bb5
O-O 9. h3 a6 10. Ba4 b5 11. Bc2 c4 12. Bd2 Bb4 13. a3 Bxc3 14. Bxc3 Re8 15. Qd2
Ne4 16. Bxe4 Rxe4 17. g3 f6 18. O-O-O Rb8 19. Ne1 Qe8 20. Nc2 Re6 21. Nb4 Na5
22. Qc2 Nb3+ 23. Kb1 Rd6 24. Rhe1 g6 25. g4 f5 26. f3 a5 27. Na2 Re6 28. Qf2
Re7 29. Qg3 Rb6 30. Re2 Rbe6 31. gxf5 Rxe3 32. Rxe3 Bxf5+ 0-1

[Event "Championnat de France - Open D"]
[Site "Aix-les-Bains"]
[Date "2007.08.15"]
[Round "1.8"]
[White "Niedzielski, Claude"]
[Black "Minot, Barbara"]
[Result "1-0"]
[WhiteElo "1370"]
[BlackElo "1499"]
[PlyCount "141"]
[EventDate "2007.??.??"]

1. e4 e5 2. Nc3 Nf6 3. Bc4 Be7 4. d3 Nc6 5. Bg5 O-O 6. Bxf6 Bxf6 7. Nd5 b6 8.
Qf3 Nd4 9. Nxf6+ Kh8 10. Qd1 Qxf6 11. c3 Ne6 12. Qg4 d6 13. Qf3 Nf4 14. O-O-O
Qg6 15. Qg3 Qh6 16. h3 Nh5+ 17. Qe3 Qg6 18. g3 Be6 19. Bxe6 fxe6 20. Rh2 Qe8
21. Kb1 Qa4 22. Qe2 Nf6 23. Nf3 h6 24. Nh4 Rf7 25. Rg1 Raf8 26. Ng6+ Kg8 27.
Nxf8 Kxf8 28. Qc2 Qe8 29. Rc1 c5 30. c4 d5 31. Qb3 dxe4 32. dxe4 Nxe4 33. Qe3
Qc6 34. Rd1 Nd6 35. Qd3 Ke7 36. Qd2 e4 37. b3 Rf3 38. Rhh1 Rd3 39. Qf4 Nf5 40.
Rxd3 exd3 41. Rd1 b5 42. Rxd3 bxc4 43. Qxc4 Qh1+ 44. Kb2 Qf1 45. Qxc5+ Kf6 46.
Rd2 Qxh3 47. Qxa7 Qg2 48. a4 Nxg3 49. Qd4+ Kg6 50. Qg4+ Kf6 51. Qxg3 Qf1 52.
Qc3+ e5 53. a5 h5 54. Qc6+ Kf5 55. a6 Qe1 56. Qc2+ Kf4 57. a7 Qh1 58. Rd8 g5
59. a8=Q Qe1 60. Qd2+ Qxd2+ 61. Rxd2 h4 62. Qg2 g4 63. Qh2+ g3 64. fxg3+ hxg3
65. Qg2 e4 66. b4 e3 67. Rd4+ Ke5 68. Qe4+ Kf6 69. Rd6+ Kg5 70. Rg6+ Kh5 71.
Qg4# 1-0

[Event "Championnat de France - Open D"]
[Site "Aix-les-Bains"]
[Date "2007.08.15"]
[Round "1.9"]
[White "Nal, Patrick"]
[Black "Sauvage, Thierry"]
[Result "1/2-1/2"]
[WhiteElo "1499"]
[BlackElo "1370"]
[PlyCount "87"]
[EventDate "2007.??.??"]

1. d4 f5 2. c4 e6 3. Nf3 Nf6 4. Nc3 d5 5. e3 c6 6. a3 Nbd7 7. Be2 Bd6 8. c5 Bc7
9. b4 O-O 10. Bd2 Qe8 11. b5 Ne4 12. g3 e5 13. Rb1 Nxd2 14. Nxd2 exd4 15. exd4
f4 16. O-O Nf6 17. Bf3 Qg6 18. Ne2 Qg5 19. Bg2 Bf5 20. Nf3 Qh6 21. Rb3 Ng4 22.
Qd2 Be4 23. h4 Bxf3 24. Bxf3 Qh5 25. Bxg4 Qxg4 26. f3 Qh3 27. g4 Qxh4 28. Rf2
Qg5 29. Rh2 Qg6 30. Kf2 Rf6 31. Rb2 Re8 32. Rb3 Qf7 33. Ke1 g5 34. Kd1 h6 35.
Ng1 Rfe6 36. Re2 Qe7 37. Rb2 Kf7 38. Qd3 Re3 39. Qh7+ Kf8 40. Qh8+ Kf7 41. Qh7+
Kf8 42. Qh8+ Kf7 43. Qh7+ Kf8 44. Qh8+ 1/2-1/2

[Event "Championnat de France - Open D"]
[Site "Aix-les-Bains"]
[Date "2007.08.15"]
[Round "1.10"]
[White "Andreyuk, Alexander"]
[Black "Pignatelli, Daniel"]
[Result "0-1"]
[WhiteElo "1350"]
[BlackElo "1499"]
[PlyCount "90"]
[EventDate "2007.??.??"]

1. e4 d5 2. exd5 Qxd5 3. Nc3 Qd8 4. d4 Nf6 5. Nf3 Bg4 6. Be2 e6 7. O-O Be7 8.
Bd2 O-O 9. h3 Bh5 10. Bg5 Nbd7 11. a3 c6 12. Qd2 Nb6 13. Rad1 Nbd5 14. Nxd5
cxd5 15. b4 Ne4 16. Bxe7 Qxe7 17. Qe3 Nd6 18. Rfe1 b5 19. Ne5 Bxe2 20. Rxe2
Rac8 21. Qd3 a6 22. c3 f6 23. Nf3 Ne4 24. Rc1 Rc6 25. Nd2 Nd6 26. Rce1 Nc4 27.
Nxc4 dxc4 28. Qd2 Rd6 29. Qe3 Re8 30. g3 Kf7 31. Rd2 Qb7 32. Rdd1 Qd5 33. Re2
Qh5 34. Rdd2 Qxh3 35. d5 e5 36. Rd4 Qd7 37. Rdd2 Rd8 38. Rd1 Qb7 39. Rdd2 Rxd5
40. Rxd5 Rxd5 41. f4 Rd3 42. Qf2 exf4 43. gxf4 Rh3 44. Qg2 Qxg2+ 45. Rxg2 Rxc3
0-1

[Event "Championnat de France - Open D"]
[Site "Aix-les-Bains"]
[Date "2007.08.16"]
[Round "2.1"]
[White "Viart, Bettina"]
[Black "Cornaton, Julien"]
[Result "1/2-1/2"]
[WhiteElo "1410"]
[BlackElo "1500"]
[PlyCount "100"]
[EventDate "2007.??.??"]

1. e4 e5 2. Bc4 Nf6 3. d3 Bc5 4. Nf3 d6 5. Nbd2 Bg4 6. c3 Nc6 7. Bb3 Qd7 8. h3
Bh5 9. Qe2 Ne7 10. Nc4 b5 11. Ne3 Bxe3 12. Bxe3 c5 13. Qc2 a5 14. a4 bxa4 15.
Bxa4 Nc6 16. d4 exd4 17. cxd4 O-O 18. d5 Nb4 19. Qc4 Qb7 20. Bf4 Qb6 21. Bg5
Ne8 22. Be7 Nf6 23. Bxf8 Rxf8 24. O-O Bg6 25. Nd2 h6 26. Rfe1 Rd8 27. Rad1 Qb7
28. f4 Qb6 29. Kh1 Bh7 30. f5 Nh5 31. Kh2 Nf4 32. Qf1 Nfd3 33. Nc4 Qb8 34. Re2
g6 35. b3 Qc8 36. f6 g5 37. g4 Nf4 38. Re3 Nc2 39. Rf3 Qb8 40. Rxf4 gxf4 41.
Qxf4 Kh8 42. Qxh6 Rg8 43. Qh4 Nd4 44. Rd3 Rg6 45. g5 Rg8 46. Re3 Rg6 47. Nxa5
Qb4 48. Nc4 Nc2 49. Rf3 Nd4 50. Re3 Nc2 1/2-1/2

[Event "Championnat de France - Open D"]
[Site "Aix-les-Bains"]
[Date "2007.08.15"]
[Round "2.2"]
[White "Marceau, Amaury"]
[Black "Rocland, Jacques"]
[Result "1-0"]
[WhiteElo "1499"]
[BlackElo "1410"]
[PlyCount "85"]
[EventDate "2007.??.??"]

1. Nf3 Nc6 2. g3 e5 3. d3 Bb4+ 4. c3 Ba5 5. Bg2 d5 6. Nbd2 d4 7. Qa4 f6 8. Nxe5
fxe5 9. Bxc6+ Bd7 10. Bxd7+ Qxd7 11. Qxa5 Qe7 12. Nc4 b6 13. Qb5+ Qd7 14. Qxe5+
Ne7 15. Bg5 Kf7 16. Bxe7 Rae8 17. Qf4+ Kxe7 18. O-O Kd8 19. Qxd4 Qxd4 20. cxd4
Rxe2 21. Rfe1 Rhe8 22. Ne5 Rxb2 23. Nc6+ Kd7 24. Rxe8 Kxe8 25. Nxa7 Rd2 26. Nb5
Rxd3 27. Nxc7+ Kd7 28. Nb5 Kc6 29. a4 Kd5 30. Kf1 Kc4 31. Ke2 Rb3 32. Rc1+ Kd5
33. Nc7+ Kxd4 34. Ne6+ Ke4 35. Nxg7 Rb2+ 36. Kf1 Rb4 37. Ra1 Kd3 38. a5 bxa5
39. Rxa5 Rb1+ 40. Kg2 Ke2 41. Nh5 Rb2 42. Nf6 Ke1 43. Re5+ 1-0

[Event "Championnat de France - Open D"]
[Site "Aix-les-Bains"]
[Date "2007.08.15"]
[Round "2.3"]
[White "Pignatelli, Daniel"]
[Black "Assouvie, Liliane"]
[Result "0-1"]
[WhiteElo "1499"]
[BlackElo "1390"]
[PlyCount "106"]
[EventDate "2007.??.??"]

1. d4 Nf6 2. Nc3 c6 3. e4 e6 4. f4 Bb4 5. Nge2 Nxe4 6. a3 Nxc3 7. bxc3 Be7 8.
Bb2 d5 9. Ng1 Nd7 10. Nf3 O-O 11. Bd3 f5 12. h4 Rf6 13. Qe2 Qb6 14. Bc1 c5 15.
Ng5 Rh6 16. Bxf5 Nf8 17. Bg4 Qd6 18. Nf3 Ng6 19. g3 Nf8 20. Kf2 b5 21. f5 Rf6
22. Bg5 Rf7 23. Kg2 Bf6 24. dxc5 Qxc5 25. fxe6 Re7 26. Bxf6 gxf6 27. Rhe1 Qxc3
28. Qxb5 Qxc2+ 29. Kh3 f5 30. Nd4 fxg4+ 31. Kxg4 Qg6+ 32. Kh3 Bb7 33. Re5 Qf6
34. Rae1 Rae8 35. Rg5+ Kh8 36. Ree5 Nxe6 37. Rgf5 Qg7 38. g4 h6 39. Nf3 Rf8 40.
Qb4 Rxf5 41. gxf5 Qf7 42. Qg4 Nd8 43. Rxe7 Qxe7 44. Qg6 Qg7 45. h5 Bc8 46. Kh4
Qa1 47. Qxh6+ Kg8 48. Qg5+ Kf7 49. Qg6+ Ke7 50. Qg5+ Qf6 51. h6 Nf7 52. Kh5
Nxg5 53. Nxg5 Bxf5 0-1

[Event "Championnat de France - Open D"]
[Site "Aix-les-Bains"]
[Date "2007.08.15"]
[Round "2.4"]
[White "Pallandre, Christian"]
[Black "Thomas, Vincent"]
[Result "0-1"]
[WhiteElo "1400"]
[BlackElo "1499"]
[PlyCount "104"]
[EventDate "2007.??.??"]

1. d4 Nf6 2. Nf3 g6 3. Bf4 Bg7 4. e3 d6 5. h3 O-O 6. Nbd2 b6 7. c3 Bb7 8. Bd3
e5 9. Bh2 e4 10. Bc4 exf3 11. Nxf3 Qe7 12. O-O Ne4 13. Nd2 Nd7 14. f3 Nxd2 15.
Qxd2 Nf6 16. Rae1 Bh6 17. Qf2 Rae8 18. Qh4 Nh5 19. Qf2 Qd8 20. e4 Qc8 21. g4
Nf6 22. Qh4 Bg7 23. Bf4 Ba6 24. Be2 Bxe2 25. Rxe2 Qa6 26. Rfe1 Qxa2 27. Bg5 Nd7
28. Kg2 Qc4 29. Qf2 a5 30. h4 h6 31. Bd2 b5 32. h5 gxh5 33. gxh5 Kh7 34. Qg3
Rg8 35. Kh1 b4 36. Qf4 Nf6 37. Qf5+ Kh8 38. Bxh6 Bxh6 39. Qxf6+ Bg7 40. Qf5 Qe6
41. Qxe6 Rxe6 42. Ra1 bxc3 43. bxc3 Ra8 44. Rb2 c5 45. Rb7 cxd4 46. cxd4 Kg8
47. Ra4 Kf8 48. Rb5 Re7 49. d5 Rea7 50. Rc4 a4 51. Rc6 a3 52. Rb1 a2 0-1

[Event "Championnat de France - Open D"]
[Site "Aix-les-Bains"]
[Date "2007.08.15"]
[Round "2.5"]
[White "Klein, Rene"]
[Black "Cherrier, Pierre"]
[Result "1-0"]
[WhiteElo "1490"]
[BlackElo "1390"]
[PlyCount "127"]
[EventDate "2007.??.??"]

1. e4 e5 2. Nc3 Nf6 3. f4 d5 4. d4 exd4 5. Qxd4 c5 6. Qe5+ Be7 7. exd5 Nbd7 8.
Bb5 O-O 9. Qe2 Re8 10. Be3 Bd6 11. g3 b6 12. O-O-O Bb7 13. Bc6 Rb8 14. h3 Qe7
15. Re1 Rec8 16. Qf3 Re8 17. Rh2 Bxc6 18. dxc6 Nf8 19. Rhe2 Ng6 20. Bd4 Qc7 21.
Rxe8+ Rxe8 22. Rxe8+ Nxe8 23. Be3 Ne7 24. Nb5 Qxc6 25. Nxa7 Qxf3 26. Nxf3 Nd5
27. Bd2 Nef6 28. Nb5 Bb8 29. Na3 Ne4 30. Be1 Ne3 31. Nd2 Nd6 32. Bf2 Nef5 33.
Kd1 Kf8 34. Ke2 Ke7 35. Kf3 Ke6 36. g4 Nd4+ 37. Bxd4 cxd4 38. Ne4 f6 39. Nxd6
Bxd6 40. Nc4 Bc5 41. Ke4 b5 42. f5+ Kd7 43. Na5 g6 44. Kd5 Ba7 45. Nb3 gxf5 46.
gxf5 h5 47. Nc5+ Ke7 48. Ne6 h4 49. Nf4 Kd7 50. Ng6 d3 51. cxd3 Bf2 52. Nf4 Ke7
53. Ne6 Be3 54. d4 Bc1 55. b3 Bb2 56. Kc5 b4 57. Kxb4 Kd6 58. a4 Kd5 59. a5
Bxd4 60. Nxd4 Kxd4 61. a6 Kd5 62. Kb5 Kd6 63. Kb6 Kd7 64. Kb7 1-0

[Event "Championnat de France - Open D"]
[Site "Aix-les-Bains"]
[Date "2007.08.15"]
[Round "2.6"]
[White "Ringot, Maxime"]
[Black "Duffaud, Celia"]
[Result "1-0"]
[WhiteElo "1490"]
[BlackElo "1390"]
[PlyCount "125"]
[EventDate "2007.??.??"]

1. f4 d5 2. Nf3 Nc6 3. e3 Nf6 4. Bb5 a6 5. Bxc6+ bxc6 6. Ne5 Qd6 7. b3 c5 8. d3
Rb8 9. Ba3 Bf5 10. O-O g6 11. Nd2 Bg7 12. Rb1 O-O 13. Qe2 Rb5 14. c4 dxc4 15.
bxc4 Ra5 16. Rb3 Qe6 17. h3 Rd8 18. e4 Bxe4 19. dxe4 Bh6 20. Qe3 Nd7 21. Nxd7
Qxd7 22. Rf2 Qd4 23. Qxd4 Rxd4 24. Rb8+ Kg7 25. Bb2 e5 26. Bxd4 exd4 27. Nb3
Ra4 28. Nxc5 Rxc4 29. Nxa6 g5 30. g3 Rc3 31. Rd8 Rxg3+ 32. Rg2 Ra3 33. fxg5
Rxa6 34. gxh6+ Kxh6 35. Rxd4 c5 36. Rc4 Rc6 37. Rgc2 Re6 38. Rxc5 Rxe4 39. Rc6+
Kg5 40. R2c5+ Kf4 41. Rc4 f5 42. Rxe4+ fxe4 43. Kf2 e3+ 44. Ke2 h5 45. Rc4+ Kg3
46. Kxe3 Kxh3 47. a4 h4 48. Rxh4+ Kxh4 49. a5 Kg5 50. a6 Kf6 51. a7 Ke5 52.
a8=R Kd5 53. Ra4 Kc5 54. Kd3 Kb5 55. Rc4 Ka5 56. Rc1 Kb5 57. Kd4 Kb6 58. Kd5
Kb7 59. Kd6 Ka7 60. Rc7+ Ka8 61. Kc6 Kb8 62. Kb6 Ka8 63. Rc8# 1-0

[Event "Championnat de France - Open D"]
[Site "Aix-les-Bains"]
[Date "2007.08.15"]
[Round "2.7"]
[White "Bonnet De Jacquemet, Romain"]
[Black "Terol, Patrick"]
[Result "0-1"]
[WhiteElo "1390"]
[BlackElo "1480"]
[PlyCount "86"]
[EventDate "2007.??.??"]

1. d4 d5 2. Bf4 Nf6 3. Nc3 c6 4. Nf3 Bg4 5. e3 e6 6. a3 h6 7. Bxb8 Rxb8 8. Be2
Bf5 9. O-O Be7 10. Qd2 O-O 11. Bd3 Be4 12. Ne5 Qc7 13. f3 Bh7 14. Bxh7+ Nxh7
15. f4 a6 16. b4 b6 17. Ne2 c5 18. c3 c4 19. a4 a5 20. b5 Rbe8 21. Qc2 Qc8 22.
f5 Nf6 23. fxe6 Qxe6 24. Qf5 Qxf5 25. Rxf5 Kh7 26. Raf1 Rd8 27. Nc6 Rd7 28. Nf4
g6 29. Re5 Bd6 30. Rxd5 Nxd5 31. Nxd5 Bxh2+ 32. Kxh2 Rxd5 33. Ne5 Kg7 34. g3 f6
35. Nc6 Rf5 36. Rxf5 gxf5 37. Kh3 Re8 38. d5 Rxe3 39. d6 Rxc3 40. Ne7 Rd3 41.
Kh4 Kf7 42. Nxf5 c3 43. d7 Rxd7 0-1

[Event "Championnat de France - Open D"]
[Site "Aix-les-Bains"]
[Date "2007.08.15"]
[Round "2.8"]
[White "Tiffon, Christophe"]
[Black "Lapperriere, Romuald"]
[Result "0-1"]
[WhiteElo "1480"]
[BlackElo "1380"]
[PlyCount "48"]
[EventDate "2007.??.??"]

1. d4 Nf6 2. Bg5 Ne4 3. Bf4 e6 4. e3 d5 5. Bd3 Bd6 6. Bxd6 Nxd6 7. Nf3 O-O 8.
O-O Nd7 9. b3 b6 10. Nbd2 c5 11. c3 Bb7 12. Re1 f5 13. Rc1 Rc8 14. h4 h6 15. h5
Ne4 16. Nh2 Qh4 17. g3 Qe7 18. Ndf3 Ndf6 19. Ne5 Nxh5 20. Ng6 Qd6 21. Nxf8 Nxf2
22. Qf3 Nxd3 23. Qxh5 Qxg3+ 24. Kf1 Qf2# 0-1

[Event "Championnat de France - Open D"]
[Site "Aix-les-Bains"]
[Date "2007.08.15"]
[Round "2.9"]
[White "Clement, Alexandre"]
[Black "Trocme, Jacques"]
[Result "*"]
[WhiteElo "1390"]
[BlackElo "1480"]
[PlyCount "103"]
[EventDate "2007.??.??"]

1. e4 c6 2. d4 d6 3. Nc3 a6 4. Nf3 h6 5. h3 e6 6. Bf4 g5 7. Bg3 Bg7 8. Be2 Ne7
9. Qd3 Ng6 10. Rd1 Nf4 11. Bxf4 gxf4 12. Qd2 Qf6 13. e5 dxe5 14. dxe5 Qe7 15.
Qxf4 Nd7 16. Qd4 f6 17. exf6 Bxf6 18. Qd3 Qg7 19. Rg1 O-O 20. Qc4 Ne5 21. Nxe5
Bxe5 22. Qg4 b5 23. Qxg7+ Bxg7 24. Bf3 Bb7 25. Rd7 Rab8 26. Ke2 b4 27. Na4 Bc8
28. Rc7 Rb5 29. Rd1 a5 30. b3 Re5+ 31. Kf1 Ba6+ 32. Kg1 Ref5 33. Rd2 Be5 34.
Ra7 Bc8 35. Nb6 c5 36. Ra8 Bd4 37. Rxc8 Re5 38. Rxf8+ Kxf8 39. Nd7+ Ke7 40.
Nxe5 Bxe5 41. Kf1 Bd4 42. Rxd4 cxd4 43. Ke2 Kd6 44. Kd3 e5 45. Ke4 Ke6 46. Be2
Kf6 47. h4 Ke6 48. g4 Kd6 49. Bc4 Kc5 50. Kxe5 a4 51. f4 axb3 52. axb3 *

[Event "Championnat de France - Open D"]
[Site "Aix-les-Bains"]
[Date "2007.08.15"]
[Round "2.10"]
[White "Fauchart, Francois"]
[Black "Saucey, Milena"]
[Result "1/2-1/2"]
[WhiteElo "1470"]
[BlackElo "1380"]
[PlyCount "125"]
[EventDate "2007.??.??"]

1. c4 e5 2. Nc3 Nf6 3. e4 c6 4. Nf3 Bb4 5. a3 Bxc3 6. bxc3 Nxe4 7. Bd3 Nf6 8.
Nxe5 Qe7 9. Qe2 d6 10. Nf3 Qxe2+ 11. Bxe2 O-O 12. O-O Bg4 13. Re1 Re8 14. Bb2
Nbd7 15. d4 Re7 16. h3 h6 17. Bd3 Rxe1+ 18. Rxe1 Bxf3 19. gxf3 Rb8 20. d5 cxd5
21. cxd5 Ne5 22. Be4 Nxe4 23. Rxe4 Nxf3+ 24. Kg2 Nd2 25. Rg4 Nb3 26. c4 f6 27.
Bxf6 g6 28. Be7 b5 29. Bxd6 Rd8 30. c5 a6 31. a4 Nd2 32. axb5 axb5 33. Rb4 Nc4
34. Rxc4 bxc4 35. c6 c3 36. c7 Rc8 37. Bf4 Kf7 38. d6 Ke6 39. Kf3 g5 40. Bxg5
Kxd6 41. Bf4+ Kd5 42. Ke2 Ke4 43. Bd6 Kd4 44. f4 Re8+ 45. Be5+ Kc4 46. Kd1 Kd3
47. Kc1 Ra8 48. Kb1 c2+ 49. Kc1 Rg8 50. Bg7 Rxg7 51. c8=Q Rg1+ 52. Kb2 c1=Q+
53. Qxc1 Rxc1 54. Kxc1 Ke4 55. Kd2 Kxf4 56. Kd3 h5 57. Ke2 Kg3 58. h4 Kxh4 59.
Kf2 Kh3 60. Kg1 Kg3 61. Kh1 h4 62. Kg1 Kf3 63. Kh2 1/2-1/2

[Event "Championnat de France - Open D"]
[Site "Aix-les-Bains"]
[Date "2007.08.16"]
[Round "3.1"]
[White "Wolfangel, Jocelyne"]
[Black "Marceau, Amaury"]
[Result "0-1"]
[WhiteElo "1430"]
[BlackElo "1499"]
[PlyCount "180"]
[EventDate "2007.??.??"]

1. d4 Nf6 2. c4 g6 3. Nc3 Bg7 4. Nf3 d6 5. e3 O-O 6. Bd3 Nbd7 7. O-O e5 8. Bc2
Re8 9. e4 c6 10. d5 cxd5 11. cxd5 a5 12. a4 b6 13. Be3 Ba6 14. Re1 Rb8 15. Bd3
Bxd3 16. Qxd3 Nc5 17. Bxc5 bxc5 18. Nb5 Rf8 19. h3 Ne8 20. b3 f5 21. Nd2 Bh6
22. Nc4 fxe4 23. Qxe4 Rf4 24. Qe2 Rb7 25. g3 Rf6 26. Ne3 Bg7 27. Rab1 Nc7 28.
Rf1 Nxb5 29. axb5 Qd7 30. b6 Rxb6 31. Nc4 Ra6 32. Na3 Ra8 33. Kg2 Rf5 34. Nc4
Rh5 35. g4 Rg5 36. Nb6 Qd8 37. Nxa8 h5 38. f3 hxg4 39. fxg4 Qxa8 40. Qd2 Bh6
41. Rf6 Rxg4+ 42. hxg4 Bxd2 43. Rxg6+ Kf7 44. Rxd6 Ke7 45. Re6+ Kd7 46. Rxe5
Kd6 47. Rf5 Qe8 48. Rbf1 Qe2+ 49. Kh3 Qe3+ 50. R1f3 Qg1 51. Rf1 Qe3+ 52. R1f3
Qh6+ 53. Rh5 Qg6 54. Rhf5 Bg5 55. Kg2 Bh4 56. Kh3 Be7 57. Rf1 Qh6+ 58. Kg2 Qh4
59. R1f4 Bg5 60. Re4 Bc1 61. Re6+ Kd7 62. Rf7+ Kd8 63. Rg6 Ke8 64. Rb7 Kf8 65.
Rbb6 Bg5 66. Rb8+ Kf7 67. Rgb6 Qxg4+ 68. Kf1 Qf3+ 69. Ke1 Bh4+ 70. Kd2 Qxd5+
71. Kc2 Qe4+ 72. Kc3 Be1+ 73. Kb2 Qe2+ 74. Kb1 Qd3+ 75. Ka2 Qc2+ 76. Ka3 Bb4+
77. Ka4 Qa2+ 78. Kb5 Qe2+ 79. Ka4 c4 80. R8b7+ Be7 81. Kxa5 Qa2+ 82. Kb5 Qxb3+
83. Kc6 Qa4+ 84. Kd5 c3 85. Rb1 c2 86. Rf1+ Ke8 87. Rb8+ Kd7 88. Rb7+ Kc8 89.
Rxe7 Qb5+ 90. Kd6 Qa6+ 0-1

[Event "Championnat de France - Open D"]
[Site "Aix-les-Bains"]
[Date "2007.08.16"]
[Round "3.2"]
[White "Thomas, Vincent"]
[Black "Clement, Alexandre"]
[Result "1-0"]
[WhiteElo "1499"]
[BlackElo "1390"]
[PlyCount "51"]
[EventDate "2007.??.??"]

1. c4 e5 2. g3 d6 3. Bg2 Nf6 4. Nc3 Be7 5. e4 Nc6 6. Nge2 Be6 7. d3 Qd7 8. Nd5
O-O 9. O-O Rac8 10. a3 Rfe8 11. b4 a6 12. Bd2 Nd8 13. a4 b6 14. f4 Bh3 15. f5
Bxg2 16. Kxg2 Nxd5 17. exd5 Bf6 18. Nc3 Nb7 19. Ne4 Qe7 20. Qh5 Rb8 21. g4 g6
22. Qh3 Qd8 23. fxg6 hxg6 24. Nxf6+ Kf8 25. Nh7+ Kg8 26. Ng5 1-0

[Event "Championnat de France - Open D"]
[Site "Aix-les-Bains"]
[Date "2007.08.16"]
[Round "3.3"]
[White "Leost, Joel"]
[Black "Klein, Rene"]
[Result "0-1"]
[WhiteElo "1410"]
[BlackElo "1490"]
[PlyCount "92"]
[EventDate "2007.??.??"]

1. e4 e5 2. Nf3 Nc6 3. Bc4 Nf6 4. d3 Bc5 5. O-O O-O 6. Nc3 d6 7. h3 Be6 8. Nd5
Bxd5 9. exd5 Nb8 10. Bg5 h6 11. Be3 Bxe3 12. fxe3 a6 13. Nh2 Nh7 14. Qg4 Nd7
15. Rf3 Ndf6 16. Raf1 Nxg4 17. Nxg4 h5 18. Nh2 g6 19. e4 Qh4 20. R3f2 Ng5 21.
Nf3 Nxf3+ 22. Rxf3 Qe7 23. Rf6 Kg7 24. Bb3 Qxf6 25. Rxf6 Kxf6 26. c4 Kg7 27. h4
f5 28. exf5 Rxf5 29. Bd1 Raf8 30. Bf3 Kh6 31. Kf2 g5 32. hxg5+ Rxg5 33. Ke3 Rf4
34. b3 Rg3 35. a3 h4 36. a4 h3 37. gxh3 Rgxf3+ 38. Kd2 Rxh3 39. Kc3 Rd4 40. Kb4
Rhxd3 41. Ka5 Rxb3 42. c5 b6+ 43. cxb6 cxb6+ 44. Kxa6 Rxa4+ 45. Kb7 Rc4 46. Kb8
e4 0-1